000 00454 a2200157 4500
999 _c325041
_d325041
001 89968
003 NUST
005 20180124144515.0
008 180124b xxu||||| |||| 00| 0 eng d
082 _a923.5549 HUS
100 _aAshfaq Hussain, Col (R)
_99149
245 _aFatih e Sabuna ; Major Shabbir Sharif shaheed
_hUrdu
250 _a1st
260 _aLahore
_bIdara matboaat-e-sulemani
_c2014
300 _a304 p.
500 _aGeneral Books
610 _ashabir sharif shaheed (Nishan e haider)- fateh sabona
_99150
942 _aCAE NUST
_cBK
_k923.5549 HUS
_2ddc